[Event "Aragon-ch"]
[Site "Zaragoza"]
[Date "2012.08.26"]
[Round "2"]
[White "Lasierra Arceiz, Javier"]
[Black "Castillo Algarate, Javier"]
[Result "1/2-1/2"]
[WhiteElo "1605"]
[BlackElo "1500"]
[PlyCount "67"]
[EventDate "2012.08.25"]
[EventType "swiss"]
[EventRounds "9"]
[EventCountry "ESP"]
[SourceTitle "EXT 2024"]
[Source "ChessBase"]
[SourceDate "2023.10.10"]
[SourceVersion "1"]
[SourceVersionDate "2023.10.10"]
[SourceQuality "1"]

1. e4 c5 2. Bc4 d6 3. h3 Nf6 4. d3 g6 5. c3 Nc6 6. a3 a5 7. Nf3 Bg7 8. 0-0 e5 9. Ng5 0-0 10. f4 exf4 11. Nxf7 Rxf7 12. Bxf7+ Kxf7 13. Bxf4 Ne5 14. Bg5 h6 15. Bf4 Be6 16. Qe2 g5 17. Bxe5 dxe5 18. c4 Qd4+ 19. Kh1 Rd8 20. Rd1 Bxc4 21. Nc3 Bxd3 22. Qe1 Qc4 23. Rd2 Rd4 24. Qe3 Bxe4 25. Nxe4 Nxe4 26. Rxd4 Qxd4 27. Qb3+ Kg6 28. Rf1 Nd2 29. Qf7+ Kh7 30. Qf5+ Kg8 31. Qc8+ Kh7 32. Qf5+ Kh8 33. Qc8+ Kh7 34. Qf5+ 1/2-1/2